Strategy for measuring lanscape biodiversity (Registro nro. 10855)

Detalles MARC
000 -CABECERA
Campo de control 005020000a22001450004500
090 ## - CLASIFICACIÓN LOCAL
Colección AR
Consecutivo 01778
041 0# - IDIOMA
Código de idioma para texto/pista de sonido o título separado
100 1# - ASIENTO PRINCIPAL--NOMBRE PERSONAL
Nombre personal Halffter, Gonzalo
245 10 - MENCION DE TITULO
Título Strategy for measuring lanscape biodiversity
650 14 - ASIENTO SECUNDARIO DE MATERIA - TERMINO TEMATICO
Término temático o nombre geográfico como elemento de entrada Ecología del paisaje
650 14 - ASIENTO SECUNDARIO DE MATERIA - TERMINO TEMATICO
Término temático o nombre geográfico como elemento de entrada Indicadores de diversidad
650 14 - ASIENTO SECUNDARIO DE MATERIA - TERMINO TEMATICO
Término temático o nombre geográfico como elemento de entrada Riqueza de especies
773 1# - Item fuente:
Título Biology International: the News Magazine of the International Union of Biological Sciences (IUBS)
Especificación de materiales 164
Descripción física 36
Paginas del Articulo 3-17
Lugar, editorial y fecha de publicación 1998
942 ## - ELEMENTOS ADICIONALES (KOHA)
Tipo de ítem Artículo
Existencias
Withdrawn status Lost status Damaged status No para préstamo Colección Ubicación Permanente Ubicación actual Fecha de adquisición Fuente de Valor Datos de publicación Seriada Total Checkouts Número topográfico Inventario / Código de Barras Date last seen Ejemplar Price effective from Forma de adquisición Tipo de material Sistema de Clasificación
      No para Préstamo Hemeroteca Bogotá Bogotá 01/08/2005 Franco, Ana María Fuera de circulación   AR 01778 012140 25/03/2015 1 25/03/2015   Artículo  
      No para Préstamo Hemeroteca Villa de Leyva Villa de Leyva 27/02/2015 Alvarez, Mauricio Fuera de circulación   AR 01778 019592 25/03/2015 2 25/03/2015   Artículo Dewey Decimal Classification